Statistics for Most Populous Islands - Letter B

Click here to take the quiz!

General Stats

  • This quiz has been taken 45 times
  • The average score is 2 of 9

Answer Stats

PopulationIsland% Correct
21.3 milBorneo
89%
4.22 milBali
71%
1.23 milBahrain
50%
961 kBangka
5%
1.16 milBohol
5%
1.15 milBatam
3%
391 kBasilan
0%
1.76 milBhola Island
0%
447 kButon
0%

Score Distribution

Percentile by Number Answered

Percent of People with Each Score

Your Score History

You have not taken this quiz